<?xml version="1.0" encoding="UTF-8"?>
<record
    xmlns:xsi="http://www.w3.org/2001/XMLSchema-instance"
    xsi:schemaLocation="http://www.loc.gov/MARC21/slim http://www.loc.gov/standards/marcxml/schema/MARC21slim.xsd"
    xmlns="http://www.loc.gov/MARC21/slim">

  <leader>01255njm a22002897a 4500</leader>
  <controlfield tag="005">20100915105529.0</controlfield>
  <controlfield tag="007">sd ammalaaahaa</controlfield>
  <controlfield tag="008">100904t        xxu||||| |||| 00| 0 eng d</controlfield>
  <datafield tag="028" ind1=" " ind2=" ">
    <subfield code="a">TAE. 1407</subfield>
    <subfield code="b">Angel Records</subfield>
  </datafield>
  <datafield tag="035" ind1=" " ind2=" ">
    <subfield code="a">GR-02551</subfield>
  </datafield>
  <datafield tag="040" ind1=" " ind2=" ">
    <subfield code="a">SED/VEN</subfield>
  </datafield>
  <datafield tag="100" ind1=" " ind2=" ">
    <subfield code="a">Mukesh</subfield>
    <subfield code="9">1184</subfield>
  </datafield>
  <datafield tag="245" ind1=" " ind2=" ">
    <subfield code="a">Saraswati Chandra /</subfield>
    <subfield code="b">Hindustani /</subfield>
    <subfield code="c">by Mukesh &amp; Lata Manageshkar ; Music by Kalyanji Anandji; Lyric by Indiwar</subfield>
    <subfield code="h">[Sound Recording] :</subfield>
  </datafield>
  <datafield tag="246" ind1=" " ind2=" ">
    <subfield code="a">&#x938;&#x930;&#x938;&#x94D;&#x935;&#x924;&#x940; &#x91A;&#x928;&#x94D;&#x926;&#x94D;&#x930; (&#x92E;&#x941;&#x915;&#x947;&#x936; &amp; &#x932;&#x924;&#x93E; &#x92E;&#x902;&#x917;&#x947;&#x936;&#x915;&#x930;)</subfield>
  </datafield>
  <datafield tag="260" ind1=" " ind2=" ">
    <subfield code="a">Dum Dum, India :</subfield>
    <subfield code="b">Angel Records</subfield>
    <subfield code="c">1967</subfield>
  </datafield>
  <datafield tag="300" ind1=" " ind2=" ">
    <subfield code="a">1 sound disc [Gramophone Recording] :</subfield>
    <subfield code="b">analog, 45 rpm ;</subfield>
    <subfield code="c">7 in.</subfield>
    <subfield code="f">Gramophone Records</subfield>
  </datafield>
  <datafield tag="500" ind1=" " ind2=" ">
    <subfield code="a">Brief Records</subfield>
  </datafield>
  <datafield tag="500" ind1=" " ind2=" ">
    <subfield code="a">Angel Records</subfield>
  </datafield>
  <datafield tag="500" ind1=" " ind2=" ">
    <subfield code="a">Purple</subfield>
  </datafield>
  <datafield tag="505" ind1=" " ind2=" ">
    <subfield code="a">Side-1 Chandan sa badan (&#x91A;&#x928;&#x94D;&#x926;&#x928; &#x938;&#x93E; &#x92C;&#x926;&#x928;), Side-2 Phool tumhe bheja hai khat mein (&#x92B;&#x942;&#x932; &#x924;&#x941;&#x92E;&#x94D;&#x939;&#x947; &#x92D;&#x947;&#x91C;&#x93E; &#x939;&#x948; &#x916;&#x93C;&#x924; &#x92E;&#x947;&#x902;) </subfield>
  </datafield>
  <datafield tag="650" ind1=" " ind2=" ">
    <subfield code="a">Classical Music</subfield>
    <subfield code="x">Excerpts</subfield>
    <subfield code="z">India</subfield>
    <subfield code="9">18309</subfield>
    <subfield code="v">Film Song</subfield>
  </datafield>
  <datafield tag="700" ind1="K" ind2=" ">
    <subfield code="9">18319</subfield>
    <subfield code="a">Mangeshkar, Lata</subfield>
  </datafield>
  <datafield tag="700" ind1=" " ind2=" ">
    <subfield code="9">18320</subfield>
    <subfield code="a"> Kalyanji Anandji</subfield>
  </datafield>
  <datafield tag="700" ind1=" " ind2=" ">
    <subfield code="9">19056</subfield>
    <subfield code="a">Indiwar</subfield>
  </datafield>
  <datafield tag="942" ind1=" " ind2=" ">
    <subfield code="2">ddc</subfield>
    <subfield code="c">GR</subfield>
  </datafield>
  <datafield tag="999" ind1=" " ind2=" ">
    <subfield code="c">45847</subfield>
    <subfield code="d">45847</subfield>
  </datafield>
  <datafield tag="952" ind1=" " ind2=" ">
    <subfield code="0">0</subfield>
    <subfield code="1">0</subfield>
    <subfield code="2">ddc</subfield>
    <subfield code="4">0</subfield>
    <subfield code="7">1</subfield>
    <subfield code="8">NFIC</subfield>
    <subfield code="a">L</subfield>
    <subfield code="b">L</subfield>
    <subfield code="d">2010-09-15</subfield>
    <subfield code="e">SED/VEN</subfield>
    <subfield code="l">0</subfield>
    <subfield code="p">GR-02551</subfield>
    <subfield code="r">2010-09-15 00:00:00</subfield>
    <subfield code="t">1</subfield>
    <subfield code="w">2010-09-15</subfield>
    <subfield code="y">GR</subfield>
  </datafield>
</record>
